00499 a2200169 450000100060000002000220000604000220002810000290005024000360007924500310011530000080014636200090015465000330016394200070019695201090020399900170031267873 a978-85-08-16052-5 cAnchieta - Pituba aSouza, Marina de Mello e10aÁfrica e Brasil africanolpor10aÁfrica e Brasil africano a1760 a2012 4aHistória geral da África cBK 00104070a91.1b91.1d2023-11-21l0o960 S729a SOU AFRp22909/PITr2023-11-21 18:35:51w2023-11-21yBK c67873d67873